Gnosis als Pseudomorphose des Platonismus: Plotins Gnosiskritik

Saved in:
Bibliographic Details
Main Author: Halfwassen, Jens (Author)
Format: Chapter/Article
Language:German
Published: 2013
In: Zugänge zur Gnosis
Year: 2013, Pages: 25-42
Online Access: Get full text
Author Notes:Jens Halfwassen

MARC

LEADER 00000caa a22000002c 4500
001 1480432539
003 DE-627
005 20220811102400.0
007 tu
008 140805s2013 xx ||||| 00| ||ger c
035 |a (DE-627)1480432539 
035 |a (DE-576)410432539 
035 |a (DE-599)BSZ410432539 
035 |a (OCoLC)1340643742 
040 |a DE-627  |b ger  |c DE-627  |e rda 
041 |a ger 
084 |a 10  |2 sdnb 
084 |a 1  |2 ssgn 
100 1 |a Halfwassen, Jens  |d 1958-2020  |0 (DE-588)112558577  |0 (DE-627)396448259  |0 (DE-576)167086383  |4 aut 
245 1 0 |a Gnosis als Pseudomorphose des Platonismus  |b Plotins Gnosiskritik  |c Jens Halfwassen 
264 1 |c 2013 
300 |a 18 
336 |a Text  |b txt  |2 rdacontent 
337 |a ohne Hilfsmittel zu benutzen  |b n  |2 rdamedia 
338 |a Band  |b nc  |2 rdacarrier 
773 0 8 |i In  |t Zugänge zur Gnosis  |d Leuven [u.a.] : Peeters, 2013  |g (2013), Seite 25-42  |h XVII, 352 S.  |w (DE-627)735944296  |w (DE-576)381131289  |z 9789042927179  |7 nnam  |a Gnosis als Pseudomorphose des Platonismus Plotins Gnosiskritik 
773 1 8 |g year:2013  |g pages:25-42  |g extent:18  |a Gnosis als Pseudomorphose des Platonismus Plotins Gnosiskritik 
935 |a mteo 
951 |a AR 
992 |a 20140805 
993 |a BookComponentPart 
994 |a 2013 
998 |g 112558577  |a Halfwassen, Jens  |m 112558577:Halfwassen, Jens  |d 70000  |d 70100  |e 70000PH112558577  |e 70100PH112558577  |k 0/70000/  |k 1/70000/70100/  |p 1  |x j  |y j 
999 |a KXP-PPN1480432539  |e 2810508054 
BIB |a Y 
JSO |a {"physDesc":[{"extent":"18 S."}],"recId":"1480432539","relHost":[{"id":{"isbn":["9789042927179"],"eki":["735944296"]},"recId":"735944296","physDesc":[{"noteIll":"Ill.","noteFormat":"23 cm","extent":"XVII, 352 S."}],"relMultPart":[{"physDesc":[{"noteFormat":"23 cm"}],"recId":"613734645","id":{"eki":["613734645"],"zdb":["2525412-1"]},"pubHistory":["[1.]1990 - [3.]1994; 4.1997 -"],"type":{"bibl":"serial"},"corporate":[{"role":"isb","display":"Patristische Arbeitsgemeinschaft"}],"title":[{"title":"Studien der Patristischen Arbeitsgemeinschaft","subtitle":"(SPA)","title_sort":"Studien der Patristischen Arbeitsgemeinschaft"}],"disp":"Studien der Patristischen Arbeitsgemeinschaft","part":{"number":["12"],"number_sort":["12"]},"language":["ger"],"origin":[{"dateIssuedKey":"1990","publisher":"Peeters ; Peeters","dateIssuedDisp":"1990-","publisherPlace":"Leuven ; Paris ; Bristol, CT ; Leuven"}],"titleAlt":[{"title":"SPA"}],"dispAlt":"Studien der Patristischen Arbeitsgemeinschaft"}],"title":[{"title_sort":"Zugänge zur Gnosis","subtitle":"Akten zur Tagung der Patristischen Arbeitsgemeinschaft vom 02. - 05.01.2011 in Berlin-Spandau","title":"Zugänge zur Gnosis"}],"disp":"Gnosis als Pseudomorphose des Platonismus Plotins GnosiskritikZugänge zur Gnosis","type":{"bibl":"edited-book"},"part":{"year":"2013","extent":"18","pages":"25-42","text":"(2013), Seite 25-42"},"language":["ger","eng"],"name":{"displayForm":["hrsg. von Christoph Markschies und Johannes van Oort"]},"origin":[{"dateIssuedDisp":"2013","publisherPlace":"Leuven [u.a.]","dateIssuedKey":"2013","publisher":"Peeters"}],"note":["Beitr. teilw. dt., teilw. engl"],"person":[{"display":"Markschies, Christoph Johannes","given":"Christoph Johannes","family":"Markschies","role":"edt"},{"role":"oth","family":"Oort","display":"Oort, Johannes van","given":"Johannes van"}]}],"language":["ger"],"id":{"eki":["1480432539"]},"type":{"bibl":"chapter"},"person":[{"display":"Halfwassen, Jens","given":"Jens","role":"aut","family":"Halfwassen"}],"origin":[{"dateIssuedDisp":"2013","dateIssuedKey":"2013"}],"name":{"displayForm":["Jens Halfwassen"]},"title":[{"title":"Gnosis als Pseudomorphose des Platonismus","title_sort":"Gnosis als Pseudomorphose des Platonismus","subtitle":"Plotins Gnosiskritik"}]} 
SRT |a HALFWASSENGNOSISALSP2013